Love is an open door (frozen) - lyrics - Statistics

General Stats
  • This quiz has been taken 182 times
    117 since last reset
  • The average score is 163 of 188
Answer Stats
Answer % Correct
I
100%
a
98%
an
98%
door
98%
you
97%
You
97%
be
95%
is
95%
Love
95%
me
95%
open
95%
with
95%
With
95%
And
93%
and
93%
to
93%
To
93%
in
92%
say
92%
Say
92%
I've
90%
the
90%
then
90%
of
89%
so
89%
We
89%
Can
87%
it
87%
life
87%
my
87%
who
87%
been
85%
But
85%
but
85%
face
85%
What?
85%
what
85%
All
84%
doors
84%
has
84%
have
84%
it's
84%
like
84%
sandwiches
84%
was
84%
each
82%
other's
82%
see
82%
series
82%
mean
80%
finish
79%
gonna
79%
never
79%
someone
79%
again
77%
crazy
77%
find
77%
goodbye
77%
meant
77%
much
77%
Our
77%
That's
77%
your
77%
bump
75%
into
75%
just
75%
past
75%
searching
75%
thing
75%
whole
75%
Jinx
74%
met
74%
place
74%
same
74%
suddenly
74%
were
74%
before
72%
Cause
72%
chocolate
72%
or
72%
thinking
72%
explanation
70%
nothing
70%
one
70%
own
70%
feel
69%
fondue
69%
mental
69%
pain
69%
thinks
69%
anymore
67%
don't
67%
ever
67%
found
66%
party
64%
maybe
62%
talking
61%
known
57%
synchronization
57%
No matching quizzes found
Score Distribution
Percent of People with Each Score
Percentile by Number Answered
Your Score History
You have not taken this quiz since the last reset